แสดงรายละเอียดบรรณานุกรม
  กลับหน้าหลัก

Brief Record : Get Marc (ISO 2709) : E-mail record : QR code ปิดหน้าต่าง
E-books : เกี่ยวกับ Collections
LEADER 00000nam 2200000uu 4500
001    209634
003     ULIBM
008    140410s2556||||th 000 0 tha d
020    ^a9786162431296
041 0  ^atha^beng
060  4 ^aWD210 ส966ส 2556
100 0  ^aแสตรนด์ เรย์ ดี.
245 10 ^aสุดยอดวิธีลดความอ้วนโดยใช้อาหารบำบัด =^bHealthy for life/^cโดย เรย์ ดี แสตรนด์ ;แปลโดย พรหมพัฒณ ธรรมะรัตน์จินดา.
250    ^aพิมพ์ครั้งแรก
260    ^aกรุงเทพฯ : ^bอนิเมทกรุ๊ป จำกัด,^c2556.
300    ^a336 หน้า ;^bภาพประกอบ.
650  4 ^aการลดความอ้วน
650  4 ^aการลดความอ้วน ^xแง่โภชนาการ
650  4 ^aโภชนบำบัด
700 0  ^aพรหมพัฒณ ธรรมะรัตน์จินดา,^eผู้แปล.
999    ^aใช้งานได้ทุกระบบ
รายการนี้ยังไม่มีแท็ก
คุณยังไม่ได้ล็อกอิน คุณสามารถมีกิจกรรมร่วมกับเว็บไซต์ได้ แต่ต้องล็อกอินก่อน ::
  ล็อกอิน
ลำดับที่ ประเภท เลขเรียก สถานที่ สถานะ
1. หนังสือสำรอง
หนังสือสำรอง
WD210 ส966ส 2556  
  
วิทยาศาสตร์สุขภาพ On Shelf
  ขอยืม
Note:ปีงบประมาณ 2557
2. วิทยาศาสตร์สุขภาพ
วิทยาศาสตร์สุขภาพ
WD210 ส966ส 2556 ฉ.2 
  
วิทยาศาสตร์สุขภาพ On Shelf
  ขอยืม
Note:ปีงบประมาณ 2557
3. วิทยาศาสตร์สุขภาพ
วิทยาศาสตร์สุขภาพ
WD210 ส966ส 2556 ฉ.3 
  
วิทยาศาสตร์สุขภาพ On Shelf
  ขอยืม
Note:ปีงบประมาณ 2557
   [แสดง 3/3 รายการ]

รายการใกล้เคียง
    หัวเรื่อง [การลดความอ้วน]
    หัวเรื่อง [โภชนบำบัด]

BibComment


ยังไม่เคยถูกคอมเมนท์

คอมเมนท์ทรัพยากรรายการนี้
  คอมเมนท์: สุดยอดวิธีลดความ..
Bib 209634

 
 
 

 Union Library Management : ULibM
Copyright 2026. All Rights Reserved.
скачать бесплатно без регистрации порно красивый секс HD Sex Hindi sex

xxx gou

xxxx

bfxxx

xxxwww

Секса Видео

xxxx

Секса Видео

detube

geilexxx

C99 Shell

worms shell

blod xxx video
Ebony Coed Rihanna Rimes Takes A Dick In Her Young Twat priyaa indian fuck anal and pusssy hardcore indian women xxx desi hardcore fucking part 1 bengalixxxcouple